| 000 | 00907nam a2200277 i 4500 | ||
|---|---|---|---|
| 001 | 24066 | ||
| 003 | BD-RjUL | ||
| 005 | 20211209001015.0 | ||
| 008 | 140312s1967 no c b 001 0bnor | ||
| 035 | _a(BD-RjUL)24132 | ||
| 040 |
_aDLC _cDLC _dDLC _dBD-RjUL _beng |
||
| 041 | 0 |
_anor _beng |
|
| 082 |
_a923.2 _bSUJ |
||
| 100 | 1 |
_aSunnanå, Olav, _d1918- _974138 |
|
| 245 | 0 | 0 |
_aJohannes Steen : _bstatsminister og parlamentarisk førar / _cOlav Sunnanå. |
| 260 |
_aOslo : _bDet Norske samlaget, _c1967. |
||
| 300 |
_a383 p. : _bport. ; _c23 cm. |
||
| 500 | _aSummary in English. | ||
| 504 | _aIncludes Bibliography: p. 306-313 and index. | ||
| 600 | 1 | 0 |
_aSteen, Johannes Wilhelm Christian, _d1827-1906. _974142 |
| 650 | 0 |
_aPrime ministers _zNorway _xBiography. _974140 |
|
| 651 | 0 |
_aNorway _xPolitics and government _y1814-1905. _974141 |
|
| 942 |
_2ddc _cBK |
||
| 999 |
_c24066 _d24066 |
||